Gaming Quiz

Random Gaming Quiz

Mega Man Bosses-Real of Fake? Quiz Stats

Quiz not verified by Sporcle

Challenge
Share
Tweet
Embed
Score 0/23 Timer 02:00
0 Plays Today
Boss Real or Fake? % Correct
Gyro Man???
97%
Pharaoh Man???
96.1%
Sheep Man???
91.8%
Tengu Man???
90.4%
Yamato Man???
90.4%
Block Man???
89.6%
Solar Man???
89.1%
Saw Man???
88.6%
Slash Man???
88%
Space Man???
87.7%
Plug Man???
87.1%
Search Man???
86.1%
Boss Real or Fake? % Correct
Flare Man???
86%
Jewel Man???
85.8%
Gas Man???
85.5%
Grenade Man???
85.3%
Blade Man???
84.2%
Mirror Man???
83.9%
Light Man???
83.4%
Spear Man???
82%
Pump Man???
81.2%
Crush Man???
80%
Plasma Man???
79%

You're not logged in!

Compare scores with friends on all Sporcle quizzes.
Sign Up with Email
OR
Log In

You Might Also Like...

Show Comments

Extras

Top Quizzes Today


Score Distribution

Your Account Isn't Verified!

In order to create a playlist on Sporcle, you need to verify the email address you used during registration. Go to your Sporcle Settings to finish the process.